Witamy w Bibliotece Naukowej Instytutu Łączności!

Technika informatyczna - Systemy okablowania strukturalnego = (Rekord nr 21301)

000 -LEADER
fixed length control field 00308 a2200085 4500
003 - CONTROL NUMBER IDENTIFIER
control field WA 310
005 - DATE AND TIME OF LATEST TRANSACTION
control field 20211208100032.0
008 - FIXED-LENGTH DATA ELEMENTS--GENERAL INFORMATION
fixed length control field 211208s1999 pl a|||f u||| 000 0dpol d
020 ## - INTERNATIONAL STANDARD BOOK NUMBER
International Standard Book Number 832362805X
040 ## - CATALOGING SOURCE
Original cataloging agency WA 310
Transcribing agency WA 310
041 ## - LANGUAGE CODE
Language code of text/sound track or separate title pol
Language code of original and/or intermediate translations of text eng
245 00 - TITLE STATEMENT
Title Technika informatyczna - Systemy okablowania strukturalnego =
Remainder of title Information technology - Generic cabling systems PN-EN 50173:1999P /
Statement of responsibility, etc NKP nr 171.
246 13 - VARYING FORM OF TITLE
Title proper/short title PN-EN 50173
246 13 - VARYING FORM OF TITLE
Title proper/short title ICS 33.040.50, 33.120.20
246 13 - VARYING FORM OF TITLE
Title proper/short title Polska Norma
246 31 - VARYING FORM OF TITLE
Title proper/short title Information technology - Generic cabling systems
260 ## - PUBLICATION, DISTRIBUTION, ETC. (IMPRINT)
Place of publication, distribution, etc Warszawa :
Name of publisher, distributor, etc PKN,
Date of publication, distribution, etc 1999.
300 ## - PHYSICAL DESCRIPTION
Extent 46 stron :
Other physical details ilustracje ;
Dimensions 30 cm.
336 ## - TYP ZAWARTOŚCI
Typ zawartosci rdacontent
-- Tekst
-- txt
337 ## - TYP MEDIUM
Typ medium rdamedia
-- Bez urządzenia pośredniczącego
-- n
338 ## - TYP NOŚNIKA
Typ nosnika rdacarrier
-- Wolumin
-- nc
500 ## - GENERAL NOTE
General note Wprowadza ISO/IEC 11801:1995, IDT, EN 50173:1995, IDT ; Zatwierdzona 28 stycznia 1999 r.
500 ## - GENERAL NOTE
General note Norma Europejska EN 50173:1995 [...] ma status Polskiej Normy.
504 ## - BIBLIOGRAPHY, ETC. NOTE
Bibliography, etc Bibliografia na stronie 81.
590 ## - LOCAL NOTE (RLIN)
Linkage (RLIN) Status: wycofana ; Zastąpiona przez PN-EN 50173-1:2004 wersja polska.
710 ## - ADDED ENTRY--CORPORATE NAME
9 (RLIN) 1107
Corporate name or jurisdiction name as entry element Polska.
Subordinate unit Polski Komitet Normalizacyjny.
920 ## - ISBN
ISBN 83-236-2805-X
942 ## - ADDED ENTRY ELEMENTS (KOHA)
Source of classification or shelving scheme
Koha item type Książki
Egzemplarze
Withdrawn status Lost status Source of classification or shelving scheme Damaged status Not for loan Permanent Location Current Location Shelving location Date acquired Inventory number Full call number Barcode Date last seen Price effective from Koha item type Public note
        Nie do wypożyczenia Instytut Łączności Instytut Łączności Księgozbiór Podręczny 2018-01-31 PN-EN 50173 PN-EN 50173 PN-EN 50173 2018-01-31 2018-01-31 Książki print, wycofana

Działa dzięki Koha